<?xml version="1.0" encoding="UTF-8"?>
<record
    xmlns:xsi="http://www.w3.org/2001/XMLSchema-instance"
    xsi:schemaLocation="http://www.loc.gov/MARC21/slim http://www.loc.gov/standards/marcxml/schema/MARC21slim.xsd"
    xmlns="http://www.loc.gov/MARC21/slim">

  <leader>00759cam a22002417i 4500</leader>
  <datafield tag="999" ind1=" " ind2=" ">
    <subfield code="c">7296</subfield>
    <subfield code="d">7296</subfield>
  </datafield>
  <controlfield tag="003">OSt</controlfield>
  <controlfield tag="005">20200520160456.0</controlfield>
  <controlfield tag="008">200520t20162016xxk      b    001 0 eng d</controlfield>
  <datafield tag="020" ind1=" " ind2=" ">
    <subfield code="a">9781784784829</subfield>
  </datafield>
  <datafield tag="040" ind1=" " ind2=" ">
    <subfield code="a">ES-BaUAB</subfield>
    <subfield code="b">cat</subfield>
    <subfield code="c">CDMR</subfield>
  </datafield>
  <datafield tag="043" ind1=" " ind2=" ">
    <subfield code="a">e-uk---</subfield>
  </datafield>
  <datafield tag="100" ind1="1" ind2=" ">
    <subfield code="a">Mills, Tom,</subfield>
    <subfield code="d">1981-</subfield>
  </datafield>
  <datafield tag="245" ind1="1" ind2="4">
    <subfield code="a">The BBC </subfield>
    <subfield code="b">: myth of a public service /</subfield>
    <subfield code="c">Tom Mills</subfield>
  </datafield>
  <datafield tag="260" ind1=" " ind2=" ">
    <subfield code="a">London ;</subfield>
    <subfield code="a">New York :</subfield>
    <subfield code="b">Verso,</subfield>
    <subfield code="c">2016</subfield>
  </datafield>
  <datafield tag="300" ind1=" " ind2=" ">
    <subfield code="a">266 p. ;</subfield>
    <subfield code="c">22 cm</subfield>
  </datafield>
  <datafield tag="504" ind1=" " ind2=" ">
    <subfield code="a">Refer&#xE8;ncies bibliogr&#xE0;fiques. &#xCD;ndex</subfield>
  </datafield>
  <datafield tag="610" ind1="2" ind2="0">
    <subfield code="a">British Broadcasting Corporation&#x200F;</subfield>
    <subfield code="9">598</subfield>
  </datafield>
  <datafield tag="650" ind1=" " ind2="4">
    <subfield code="a">Televisi&#xF3; p&#xFA;blica</subfield>
    <subfield code="z">Gran Bretanya</subfield>
    <subfield code="9">3108</subfield>
  </datafield>
  <datafield tag="650" ind1=" " ind2="4">
    <subfield code="a">Pol&#xED;tica de la comunicaci&#xF3;</subfield>
    <subfield code="z">Gran Bretanya</subfield>
    <subfield code="9">4364</subfield>
  </datafield>
  <datafield tag="650" ind1=" " ind2="4">
    <subfield code="a">Llibertat d'expressi&#xF3;</subfield>
    <subfield code="z">Gran Bretanya</subfield>
    <subfield code="9">3073</subfield>
  </datafield>
  <datafield tag="940" ind1=" " ind2=" ">
    <subfield code="a">DLC</subfield>
  </datafield>
  <datafield tag="942" ind1=" " ind2=" ">
    <subfield code="c">MON</subfield>
  </datafield>
  <datafield tag="952" ind1=" " ind2=" ">
    <subfield code="0">0</subfield>
    <subfield code="1">0</subfield>
    <subfield code="4">0</subfield>
    <subfield code="7">0</subfield>
    <subfield code="a">CDMR</subfield>
    <subfield code="b">CDMR</subfield>
    <subfield code="d">2020-05-20</subfield>
    <subfield code="e">Donaci&#xF3;</subfield>
    <subfield code="g">19.00</subfield>
    <subfield code="l">2</subfield>
    <subfield code="m">2</subfield>
    <subfield code="o">Dt 8 GBr/13</subfield>
    <subfield code="p">CDMR20050004</subfield>
    <subfield code="r">2021-04-20</subfield>
    <subfield code="s">2021-04-08</subfield>
    <subfield code="v">19.00</subfield>
    <subfield code="w">2020-05-20</subfield>
    <subfield code="y">MON</subfield>
  </datafield>
</record>
